000 00301nam a2200109Ia 4500
008 220216s9999 xx 000 0 und d
100 _aThomas K U
245 0 _aUthejakaushadha prayogam: Sadharana tappingilum niyanthritha kamizhthivettilum
260 _bRubber
_c2006
300 _a14-16.
942 _cML
999 _c72769
_d72769